<?xml version="1.0" encoding="UTF-8"?>
<record
    xmlns:xsi="http://www.w3.org/2001/XMLSchema-instance"
    xsi:schemaLocation="http://www.loc.gov/MARC21/slim http://www.loc.gov/standards/marcxml/schema/MARC21slim.xsd"
    xmlns="http://www.loc.gov/MARC21/slim">

  <leader>03579nam a22002057a 4500</leader>
  <controlfield tag="003">OSt</controlfield>
  <controlfield tag="005">20190522060528.0</controlfield>
  <controlfield tag="008">190514b        xxu||||| |||| 00| 0 spa d</controlfield>
  <datafield tag="020" ind1=" " ind2=" ">
    <subfield code="a">8425907187</subfield>
  </datafield>
  <datafield tag="040" ind1=" " ind2=" ">
    <subfield code="c">PJ</subfield>
  </datafield>
  <datafield tag="100" ind1=" " ind2=" ">
    <subfield code="9">44</subfield>
    <subfield code="a">Garrido Falla, Fernando</subfield>
  </datafield>
  <datafield tag="245" ind1="1" ind2="0">
    <subfield code="a">Tratado de derecho administrativo /</subfield>
    <subfield code="c">Fernando Garrido Falla.</subfield>
  </datafield>
  <datafield tag="250" ind1=" " ind2=" ">
    <subfield code="a">9a. ed.</subfield>
  </datafield>
  <datafield tag="260" ind1=" " ind2=" ">
    <subfield code="a">Madrid :</subfield>
    <subfield code="b">Centro de Estudios Constitucionales, </subfield>
    <subfield code="c">1985.</subfield>
  </datafield>
  <datafield tag="300" ind1=" " ind2=" ">
    <subfield code="a">v. </subfield>
    <subfield code="c">21 cm.</subfield>
  </datafield>
  <datafield tag="490" ind1=" " ind2=" ">
    <subfield code="a">Estudios de Derecho y Administraci&#xF3;n</subfield>
  </datafield>
  <datafield tag="505" ind1=" " ind2=" ">
    <subfield code="a">v. 1:  Introducci&#xF3;n. Cap&#xED;tulo I. El concepto de administraci&#xF3;n p&#xFA;blica. Cap&#xED;tulo II. Administraci&#xF3;n p&#xFA;blica y derecho. Cap&#xED;tulo III. Administraci&#xF3;n y derecho: el regimen administrativo. Cap&#xED;tulo IV. Administraci&#xF3;n y derecho: el r&#xE9;gimen anglosajon. Cap&#xED;tulo V. El derecho administrativo. Cap&#xED;tulo VI. La ciencia del derecho administrativo y el m&#xE9;todo para su investigaci&#xF3;n. Cap&#xED;tulo VII. La consideraci&#xF3;n no jur&#xED;dica de la administraci&#xF3;n p&#xFA;blica: la ciencia de la administraci&#xF3;n. T&#xED;tulo primero. La teor&#xED;a de las fuentes y el principio de legalidad. Cap&#xED;tulo I. Las fuentes del derecho administrativo. Cap&#xED;tulo II. Las fuentes escritas del derecho. Cap&#xED;tulo III. Las fuentes escritas (continuaci&#xF3;n). Cap&#xED;tulo IV. Las fuentes escritas (continuaci&#xF3;n). Cap&#xED;tulo V. Fuentes no escritas y fuentes indirectas. Cap&#xED;tulo VI. Las fuentes del derecho en el estdo de las autonom&#xED;as. Cap&#xED;tulo VII. El derecho comunitario europeo y su aplicaci&#xF3;n en Espa&#xF1;a. T&#xED;tulo II. La teor&#xED;a de la relaci&#xF3;n jur&#xED;dico-administrativa. Cap&#xED;tulo I. Los sujetos en derecho administrativo y su capacidad. Cap&#xED;tulo II. Personas jur&#xED;dicas p&#xFA;blicas y privadas. Cap&#xED;tulo III. Las situaciones jur&#xED;dicas subjetivas. T&#xED;tulo III. La teor&#xED;a de los actos administrativos. Cap&#xED;tulo I. El acto administrativo. Cap&#xED;tulo II. Clases de actos administrativos. Cap&#xED;tulo III. Requisitos de validez y vicios de los actos administrativos. Cap&#xED;tulo IV. Efectos jur&#xED;dicos de los actos administrativos. 

v. 2:. T&#xED;tulo IV. La teor&#xED;a de las obligaciones y los contratos administrativos. Cap&#xED;tulo III. Los contratos administrativos (continuaci&#xF3;n). T&#xED;tulo V. La teor&#xED;a de las formas de la actividad administrativa. Cap&#xED;tulo I. El contenido y la forma de la actividad administrativa. Cap&#xED;tulo II. Actividad administrativa de coacci&#xF3;n: la policia administrativa. Cap&#xED;tulo III. Actividad administrativa de coacci&#xF3;n: prestaciones obligatorias de los particulares. Cap&#xED;tulo IV. El r&#xE9;gimen administrativo de las libertades fundam,entales. Cap&#xED;tulo V. El r&#xE9;gimen administrativo de la propiedad privada. Cap&#xED;tulo VI. El r&#xE9;gimen administrativo de la propiedad privada (continuaci&#xF3;n): la propiedad del suelo. Cap&#xED;tulo VI. La teor&#xED;a de la indemnizaci&#xF3;n y la responsabilidad en derecho p&#xFA;blico. T&#xED;tulo VI. La actividad administrativa de fomento. Cap&#xED;tulo &#xFA;nico. La actividad administrativa de fomento. T&#xED;tulo VII. La actividad administrativa de prestaci&#xF3;n. Teoria del servicio p&#xFA;blico. Cap&#xED;tulo I. El concepto de servicio p&#xFA;blico. Cap&#xED;tulo II. La gesti&#xF3;n de los servicios y actividades p&#xFA;blicas. Cap&#xED;tulo III. Servicios p&#xFA;blicos y actividades privadas de interes p&#xFA;blico. T&#xED;tulo VIII. Teor&#xED;a de los derechos reales administrativos y el dominio de la administraci&#xF3;n. Cap&#xED;tulo I. Los derechos reales administrativos. Cap&#xED;tulo II. El dominio p&#xFA;blico. Cap&#xED;tulo III. El dominio p&#xFA;blico (continuaci&#xF3;n). Cap&#xED;tulo IV. El dominio privado de la administraci&#xF3;n.</subfield>
  </datafield>
  <datafield tag="650" ind1=" " ind2="0">
    <subfield code="9">211</subfield>
    <subfield code="a">DERECHO ADMINISTRATIVO</subfield>
  </datafield>
  <datafield tag="942" ind1=" " ind2=" ">
    <subfield code="2">udc</subfield>
    <subfield code="c">LIB</subfield>
    <subfield code="i">342.9 </subfield>
    <subfield code="k">GAR</subfield>
  </datafield>
  <datafield tag="999" ind1=" " ind2=" ">
    <subfield code="c">2843</subfield>
    <subfield code="d">2843</subfield>
  </datafield>
  <datafield tag="952" ind1=" " ind2=" ">
    <subfield code="0">0</subfield>
    <subfield code="1">0</subfield>
    <subfield code="2">udc</subfield>
    <subfield code="4">0</subfield>
    <subfield code="7">0</subfield>
    <subfield code="a">DJS</subfield>
    <subfield code="b">DJS</subfield>
    <subfield code="d">2019-05-14</subfield>
    <subfield code="h">V. 2</subfield>
    <subfield code="l">1</subfield>
    <subfield code="o">342.9(035) GAR</subfield>
    <subfield code="p">1545</subfield>
    <subfield code="r">2019-05-22</subfield>
    <subfield code="s">2019-05-14</subfield>
    <subfield code="w">2019-05-14</subfield>
    <subfield code="y">LIB</subfield>
  </datafield>
  <datafield tag="952" ind1=" " ind2=" ">
    <subfield code="0">0</subfield>
    <subfield code="1">0</subfield>
    <subfield code="2">udc</subfield>
    <subfield code="4">0</subfield>
    <subfield code="7">0</subfield>
    <subfield code="a">DJS</subfield>
    <subfield code="b">DJS</subfield>
    <subfield code="d">2019-05-14</subfield>
    <subfield code="h">V. 1</subfield>
    <subfield code="l">1</subfield>
    <subfield code="o">342.9(035) GAR</subfield>
    <subfield code="p">1546</subfield>
    <subfield code="r">2022-09-16</subfield>
    <subfield code="s">2022-09-09</subfield>
    <subfield code="w">2019-05-14</subfield>
    <subfield code="y">LIB</subfield>
  </datafield>
</record>
